[Event "SVK-chT4 A22 1819"]
[Site "Slovakia"]
[Date "2019.01.06"]
[Round "6.5"]
[White "Meszaros, Nikolas"]
[Black "Valach, Peter"]
[Result "0-1"]
[WhiteElo "1795"]
[BlackElo "1781"]
[PlyCount "62"]
[EventDate "2018.10.14"]
[EventType "team-tourn"]
[EventRounds "11"]
[EventCountry "SVK"]
[SourceTitle "EXT 2020"]
[Source "ChessBase"]
[SourceDate "2019.10.17"]
[SourceVersion "1"]
[SourceVersionDate "2019.10.17"]
[SourceQuality "1"]

1. e4 c5 2. Nf3 e6 3. c3 Nc6 4. d4 d5 5. exd5 Qxd5 6. Be3 Nf6 7. Nbd2 cxd4 8. Bc4 Qd8 9. Nxd4 Bd7 10. N2f3 a6 11. a4 Be7 12. Qc2 Qc7 13. Ba2 Ng4 14. 0-0-0 Nxe3 15. fxe3 0-0-0 16. Nxc6 Bxc6 17. Rxd8+ Bxd8 18. Nd4 Bg5 19. Re1 Qxh2 20. Nxc6 bxc6 21. Qe4 Qc7 22. Rf1 Bf6 23. Bc4 Kb7 24. Qd3 a5 25. Kc2 Rd8 26. Qxh7 Qe5 27. Qh3 Qe4+ 28. Kb3 Kc7 29. Rf4 Rb8+ 30. Ka3 Qb1 31. b3 Qa1# 0-1

[Event "SVK-chT4 A22 1819"]
[Site "Slovakia"]
[Date "2018.12.02"]
[Round "4.6"]
[White "Klanica, Anton"]
[Black "Valach, Peter"]
[Result "0-1"]
[WhiteElo "1772"]
[BlackElo "1773"]
[PlyCount "102"]
[EventDate "2018.10.14"]
[EventType "team-tourn"]
[EventRounds "11"]
[EventCountry "SVK"]
[SourceTitle "EXT 2020"]
[Source "ChessBase"]
[SourceDate "2019.10.17"]
[SourceVersion "1"]
[SourceVersionDate "2019.10.17"]
[SourceQuality "1"]

1. e4 c5 2. Nf3 e6 3. d4 cxd4 4. Nxd4 Nf6 5. Bd3 Nc6 6. c3 Be7 7. 0-0 d6 8. Qb3 a6 9. Qc2 Bd7 10. h3 Rc8 11. Nxc6 Bxc6 12. Be3 Qc7 13. Bf4 b5 14. Qe2 Qb7 15. f3 0-0 16. Nd2 Nd7 17. Be3 d5 18. exd5 Bxd5 19. Be4 Nf6 20. Bxd5 Nxd5 21. Nb3 Nxe3 22. Qxe3 Bd8 23. Kh1 Bb6 24. Qe2 Rfd8 25. Rad1 Qc7 26. Rxd8+ Rxd8 27. Rd1 Ba7 28. Rxd8+ Qxd8 29. g3 Bb8 30. Kg2 Qd6 31. Qe4 e5 32. Qe2 Qc7 33. Qe3 Ba7 34. Qe4 g6 35. Nd2 f5 36. Qd5+ Kg7 37. c4 Kf6 38. b3 Qb6 39. c5 Qxc5 40. Qxc5 Bxc5 41. a4 Ke6 42. axb5 axb5 43. g4 Kd5 44. gxf5 gxf5 45. Nf1 f4 46. Nd2 Kd4 47. Ne4 Be7 48. Kf2 Kd3 49. Kg2 Kc2 50. Kf2 Kxb3 51. Ke2 Kc2 0-1

[Event "SVK-chT4 A22 1819"]
[Site "Slovakia"]
[Date "2018.10.28"]
[Round "2.6"]
[White "Malar, Pavol"]
[Black "Valach, Peter"]
[Result "1-0"]
[WhiteElo "2065"]
[BlackElo "1771"]
[PlyCount "75"]
[EventDate "2018.10.14"]
[EventType "team-tourn"]
[EventRounds "11"]
[EventCountry "SVK"]
[SourceTitle "EXT 2020"]
[Source "ChessBase"]
[SourceDate "2019.10.17"]
[SourceVersion "1"]
[SourceVersionDate "2019.10.17"]
[SourceQuality "1"]

1. e4 c5 2. Nf3 e6 3. d3 Nc6 4. g3 d6 5. Bg2 Nf6 6. 0-0 Be7 7. Re1 0-0 8. Nbd2 Qc7 9. Nf1 b6 10. Bg5 Bb7 11. h4 Ng4 12. Bf4 Nce5 13. Nxe5 Nxe5 14. h5 h6 15. Qe2 Bg5 16. Bxg5 hxg5 17. f4 gxf4 18. gxf4 Nd7 19. Ne3 Nf6 20. Bf3 Rfd8 21. Qg2 Kf8 22. Kf2 g6 23. hxg6 fxg6 24. Qxg6 Qg7 25. Rg1 Qxg6 26. Rxg6 Kf7 27. Rag1 Rg8 28. Rxg8 Rxg8 29. Rxg8 Nxg8 30. Kg3 Ne7 31. Kg4 Ng6 32. Kg5 Nf8 33. Bh5+ Ke7 34. f5 Nh7+ 35. Kg6 Nf6 36. Be2 Bc8 37. Ng4 Nxg4 38. Bxg4 1-0

[Event "SVK-chT4 A21 1718"]
[Site "Slovakia"]
[Date "2017.11.26"]
[Round "5.1"]
[White "Husek, Lubomir"]
[Black "Valach, Peter"]
[Result "1-0"]
[WhiteElo "1839"]
[BlackElo "1743"]
[PlyCount "89"]
[EventDate "2017.10.01"]
[EventType "team-tourn"]
[EventRounds "11"]
[EventCountry "SVK"]
[SourceTitle "EXT 2019"]
[Source "ChessBase"]
[SourceDate "2018.10.10"]
[SourceVersion "1"]
[SourceVersionDate "2018.10.10"]
[SourceQuality "1"]
[WhiteTeam "Holic II"]
[BlackTeam "Spacince"]
[WhiteTeamCountry "SVK"]
[BlackTeamCountry "SVK"]

1. e4 c5 2. Nf3 d6 3. d4 cxd4 4. Nxd4 Nf6 5. Nc3 a6 6. Be2 e5 7. Nb3 Be6 8. Be3 Be7 9. 0-0 0-0 10. a4 b6 11. f3 Nbd7 12. Nd5 Bxd5 13. exd5 Qc7 14. c4 Nc5 15. Nd2 Ne8 16. b4 Nd7 17. Ne4 h6 18. g4 Ndf6 19. Ng3 Nd7 20. Ne4 Nef6 21. Ng3 Nh7 22. Ne4 Ng5 23. Ng3 Nh3+ 24. Kh1 Bg5 25. Bxg5 hxg5 26. Bd3 g6 27. Rc1 a5 28. Qb3 axb4 29. Qxb4 Nc5 30. Bc2 Kg7 31. Rb1 Ra6 32. Ne4 Nxe4 33. fxe4 Qd7 34. Bd1 Nf4 35. Qb5 Qxb5 36. cxb5 Raa8 37. Rc1 Rfc8 38. Rc6 Rxc6 39. dxc6 Ne6 40. Bb3 Ra7 41. Bxe6 fxe6 42. Rd1 Kf7 43. Rc1 Ra8 44. c7 Rc8 45. a5 1-0

[Event "SVK-chT4 A21 1718"]
[Site "Slovakia"]
[Date "2017.10.15"]
[Round "2.2"]
[White "Miciak, Emanuel"]
[Black "Valach, Peter"]
[Result "1-0"]
[WhiteElo "1885"]
[BlackElo "1743"]
[PlyCount "73"]
[EventDate "2017.10.01"]
[EventType "team-tourn"]
[EventRounds "11"]
[EventCountry "SVK"]
[SourceTitle "EXT 2019"]
[Source "ChessBase"]
[SourceDate "2018.10.10"]
[SourceVersion "1"]
[SourceVersionDate "2018.10.10"]
[SourceQuality "1"]
[WhiteTeam "Vrbove II"]
[BlackTeam "Spacince"]
[WhiteTeamCountry "SVK"]
[BlackTeamCountry "SVK"]

1. d4 e6 2. c4 d5 3. Nf3 Nf6 4. Bg5 Nbd7 5. e3 Be7 6. Nc3 0-0 7. Bd3 h6 8. Bh4 b6 9. 0-0 Bb7 10. Rc1 dxc4 11. Bxc4 Ne4 12. Bxe7 Qxe7 13. Bd3 Ndf6 14. Nxe4 Nxe4 15. Qc2 Nf6 16. Qxc7 Qxc7 17. Rxc7 Bxf3 18. gxf3 Nd5 19. Rcc1 a6 20. a3 b5 21. Rc6 Rfc8 22. Rfc1 Ne7 23. Rxc8+ Rxc8 24. Rxc8+ Nxc8 25. a4 Na7 26. Kf1 Kf8 27. Ke1 Ke7 28. Kd2 Kd6 29. Kc3 Kc6 30. e4 Kb6 31. axb5 axb5 32. f4 g6 33. f5 e5 34. dxe5 Kc5 35. b4+ Kb6 36. f3 gxf5 37. e6 1-0

[Event "SVK-chT4 A22 1415"]
[Site "Slovakia"]
[Date "2015.01.18"]
[Round "7.4"]
[White "Kalmar, Tamas"]
[Black "Valach, Peter"]
[Result "1-0"]
[WhiteElo "1966"]
[BlackElo "1832"]
[PlyCount "63"]
[EventDate "2014.10.12"]
[EventType "team-tourn"]
[EventRounds "11"]
[EventCountry "SVK"]
[SourceTitle "EXT 2019"]
[Source "ChessBase"]
[SourceDate "2018.10.10"]
[SourceVersion "1"]
[SourceVersionDate "2018.10.10"]
[SourceQuality "1"]

1. d4 f5 2. c4 Nf6 3. Nf3 g6 4. g3 Bg7 5. Bg2 0-0 6. 0-0 d6 7. Nc3 Qe8 8. d5 e5 9. dxe6 Nc6 10. Nd5 Nxd5 11. cxd5 Nd8 12. Bg5 Bf6 13. Bxf6 Rxf6 14. Qd4 Qe7 15. Rfd1 c6 16. dxc6 Rxe6 17. cxb7 Bxb7 18. e3 Be4 19. Qd2 Rc8 20. Nd4 Re5 21. Rac1 Rec5 22. Rxc5 Rxc5 23. b4 Rc8 24. Rc1 Rxc1+ 25. Qxc1 Nf7 26. Qc8+ Kg7 27. Qe6 Qb7 28. Bxe4 fxe4 29. b5 Ng5 30. Qxd6 Nf3+ 31. Kg2 Qf7 32. Ne6+ 1-0

[Event "SVK-chT4 A22 1213"]
[Site "Slovakia"]
[Date "2013.03.03"]
[Round "10.1"]
[White "Valach, Peter"]
[Black "Kalmar, Tamas"]
[Result "0-1"]
[WhiteElo "1836"]
[BlackElo "1920"]
[PlyCount "84"]
[EventDate "2012.10.14"]
[EventType "team-tourn"]
[EventRounds "11"]
[EventCountry "SVK"]
[SourceTitle "EXT 2015"]
[Source "ChessBase"]
[SourceDate "2014.11.20"]
[SourceVersion "1"]
[SourceVersionDate "2014.11.20"]
[SourceQuality "1"]
[WhiteTeam "Spacince"]
[BlackTeam "Potonska Veza II"]
[WhiteTeamCountry "SVK"]
[BlackTeamCountry "SVK"]

1. d4 Nf6 2. c4 g6 3. Nc3 Bg7 4. e4 d6 5. Be2 0-0 6. Nf3 Nbd7 7. 0-0 e5 8. dxe5 dxe5 9. Be3 c6 10. Qc2 Qc7 11. b4 Re8 12. b5 Nf8 13. h3 Be6 14. Rfd1 Nh5 15. c5 Nf4 16. Bf1 Red8 17. b6 axb6 18. cxb6 Qe7 19. Na4 Rxd1 20. Qxd1 Nd7 21. Qc2 Qb4 22. Nc5 Nxc5 23. Bxc5 Qa4 24. Qxa4 Rxa4 25. Nd2 Bf8 26. Bxf8 Kxf8 27. a3 Ke7 28. Nb1 Kd6 29. Nc3 Ra5 30. a4 Kc5 31. Rb1 Bc4 32. Rd1 Bxf1 33. Kxf1 Kxb6 34. Rd7 Rc5 35. Ne2 Rc4 36. Nxf4 exf4 37. Rxf7 Rxe4 38. a5+ Kxa5 39. Rxb7 c5 40. Rxh7 c4 41. Rh6 c3 42. Rxg6 Rc4 0-1